El último concierto (Record no. 142664)
[ view plain ]
| 000 -CABECERA | |
|---|---|
| campo de control de longitud fija | 00932nam a2200313 u 4500 |
| 003 - IDENTIFICADOR DEL NÚMERO DE CONTROL | |
| campo de control | MX-MxUPN |
| 005 - FECHA Y HORA DE LA ÚLTIMA TRANSACCIÓN | |
| campo de control | 20241011063759.0 |
| 008 - ELEMENTOS DE LONGITUD FIJA--INFORMACIÓN GENERAL | |
| campo de control de longitud fija | 090521t2004 sp jr 000 f spa d |
| 020 ## - NÚMERO INTERNACIONAL NORMALIZADO PARA LIBROS | |
| Número Internacional Estándar del Libro | 8424113063 |
| 020 ## - NÚMERO INTERNACIONAL NORMALIZADO PARA LIBROS | |
| Número Internacional Estándar del Libro | 9788424113063 |
| 035 ## - NÚMERO DE CONTROL DEL SISTEMA | |
| Número de control de sistema | UPN01000170559 |
| 040 ## - FUENTE DE LA CATALOGACIÓN | |
| Centro catalogador/agencia de origen | MX-MxUPN |
| Lengua de catalogación | spa |
| Centro/agencia transcriptor | MX-MxUPN |
| 041 ## - CÓDIGO DE IDIOMA | |
| Código de lengua del texto/banda sonora o título independiente | spa |
| Código de lengua original | eng |
| 050 #4 - SIGNATURA TOPOGRÁFICA DE LA BIBLIOTECA DEL CONGRESO | |
| Número de clasificación | PZ7 |
| Número de documento/Ítem | C546 2004 |
| 100 1# - ASIENTO PRINCIPAL--NOMBRE PERSONAL | |
| Nombre de persona | Clements, Andrew, |
| Fechas asociadas al nombre | 1949- |
| 9 (RLIN) | 32934 |
| 240 14 - TÍTULO UNIFORME | |
| Título uniforme | The last holiday concert |
| Lenguaje de la obra | Español |
| 245 13 - MENCIÓN DE TÍTULO | |
| Título | El último concierto |
| 260 ## - PUBLICACIÓN, DISTRIBUCIÓN, ETC. | |
| Lugar de publicación, distribución, etc. | León, España: |
| Nombre del editor, distribuidor, etc. | Editorial Everest, |
| Fecha de publicación, distribución, etc. | ©2004. |
| 300 ## - DESCRIPCIÓN FÍSICA | |
| Extensión | 140 páginas |
| 490 0# - MENCIÓN DE SERIE | |
| Mención de serie | Montana encantada |
| 650 #4 - ASIENTO SECUNDARIO DE MATERIA - TERMINO TEMATICO | |
| Término de materia o nombre geográfico como elemento de entrada | Literatura juvenil estadounidense |
| 9 (RLIN) | 12776 |
| 650 #0 - ASIENTO SECUNDARIO DE MATERIA - TERMINO TEMATICO | |
| Término de materia o nombre geográfico como elemento de entrada | Conciertos |
| Subdivisión de forma | Novela |
| 9 (RLIN) | 21479 |
| 650 #0 - ASIENTO SECUNDARIO DE MATERIA - TERMINO TEMATICO | |
| Término de materia o nombre geográfico como elemento de entrada | Música |
| Subdivisión de forma | Novela |
| 9 (RLIN) | 21478 |
| 650 #0 - ASIENTO SECUNDARIO DE MATERIA - TERMINO TEMATICO | |
| Término de materia o nombre geográfico como elemento de entrada | Liderazgo |
| Subdivisión de forma | Novela |
| 9 (RLIN) | 2300 |
| 700 1# - ASIENTO SECUNDARIO--NOMBRE DE PERSONAL | |
| 9 (RLIN) | 46445 |
| Nombre de persona | Jiménez Rioja, Alberto |
| Término indicativo de función/relación | traducción |
| 902 ## - ELEMENTOS DE DATOS B LOCAL, LDB (RLIN) | |
| Modificó | MaríaRobles/101024 |
| 905 ## - TIPO DE MATERIAL | |
| Tipo de material | Libro |
| 942 ## - ELEMENTOS DE PUNTO DE ACCESO ADICIONAL (KOHA) | |
| Fuente del sistema de clasificación o colocación | Library of Congress Classification |
| Tipo de ítem Koha | Libro |
| Suprimir en OPAC | No |
| Estado de retiro | Estado de pérdida | Fuente del sistema de clasificación o colocación | Estado dañado | No para préstamo | Código de colección | Localización permanente | Ubicación/localización actual | Ubicación en estantería | Fecha de adquisición | Total de préstamos | Clasificación | Código de barras | Fecha visto por última vez | Tipo de ítem Koha |
|---|---|---|---|---|---|---|---|---|---|---|---|---|---|---|
| Library of Congress Classification | Infantil | Bib. Gregorio Torres Quintero | Bib. Gregorio Torres Quintero | Sala infantil Planta baja | 10/10/2024 | 2 | PZ7 C546 2004 | 264397 | 31/12/2020 | Libro |
